Prokletí Afroditina ostrova
Stručný historický pohľad na Cyperskú republiku. Operácia "Attila" 1974. Potvrdenie statu quo - vyhlásenie tzv. Severocyperskej tureckej republiky. Súčasný stav na Cypre. Európska únia a Cyprus.
Salvato in:
| Autore principale: | |
|---|---|
| Natura: | Capitolo di libro |
| Lingua: | ceco |
| Soggetti: | |
| Tags: |
Nessun Tag, puoi essere il primo ad aggiungerne!!
|
MARC
| LEADER | 00000naa$a2200000$$$4500 | ||
|---|---|---|---|
| 001 | 0012773 | ||
| 005 | 20231016091233.0 | ||
| 041 | 0 | |a cze | |
| 044 | |a CZ | ||
| 245 | 1 | 0 | |a Prokletí Afroditina ostrova |c Vratislav Košťál |
| 520 | |a Stručný historický pohľad na Cyperskú republiku. Operácia "Attila" 1974. Potvrdenie statu quo - vyhlásenie tzv. Severocyperskej tureckej republiky. Súčasný stav na Cypre. Európska únia a Cyprus. | ||
| 610 | 2 | 0 | |a Cyprus |
| 610 | 2 | 0 | |a história |
| 610 | 2 | 0 | |a politika |
| 610 | 2 | 0 | |a členenie územné administratívne |
| 610 | 2 | 0 | |a Európska únia |
| 100 | 1 | |a Košťál, Vratislav | |